Normal view
MARC view
- O'Connor, Cork (Fictitious character)
Entry Topical Term
001 - CONTROL NUMBER
- control field: 14297
003 - CONTROL NUMBER IDENTIFIER
- control field: NUST
005 - DATE AND TIME OF LATEST TRANSACTION
- control field: 20190515073344.0
008 - FIXED-LENGTH DATA ELEMENTS
- fixed length control field: 190515|| aca||aabn | a|a d
040 ## - CATALOGING SOURCE
- Original cataloging agency: NUST
- Transcribing agency: NUST
150 ## - HEADING--TOPICAL TERM
- Topical term or geographic name entry element: O'Connor, Cork (Fictitious character)
- Form subdivision: Fiction.
670 ## - SOURCE DATA FOUND
- Source citation: Work cat.: (NUST)0: Krueger, William Kent. 14296, Purgatory Ridge :, c2001.
